| 000 | 00635nam a2200193Ia 4500 | ||
|---|---|---|---|
| 003 | IN-BaIIA | ||
| 008 | 211028s9999 xx 000 0 eng d | ||
| 020 | _a81-220-0099-1 | ||
| 040 | _cIIA Library | ||
| 080 |
_a0.0021412847222222224 _bBAG |
||
| 100 |
_aBagchi, A. K. _916627 |
||
| 245 | 0 |
_aHinduja foundation encyclopaedia of nobel laureates 1901-1987 _cA. K. Bagchi |
|
| 260 |
_aDelhi _bKonark Publishers _c1990 |
||
| 300 | _axxvi, 632p. | ||
| 650 |
_aEncyclopedia-Nobel Laureates _916628 |
||
| 650 | _aNASA Thesaurus | ||
| 650 |
_aNobel Laureates Encyclopedia _916629 |
||
| 942 | _cBK | ||
| 999 |
_c9819 _d9819 |
||